00677 a2200169 45000010006000000050017000060080041000230030015000640400040000790800023001192450038001422640033001803000019002135050243002320410008004751000024004833939820260407155652.0260407a1978 arg spa dAR-UNSa-BCEJYS aAR-UNSa-BCEJYSbspacAR-UNSa-BCEJYS a347.61xLa familia10aDerecho civilpDerecho de familia 1aBuenos Aires :bAstreac1978 a899 p.c23 cm. aVol. II: 15. Disolución del vínculo matrimonial - 16. El divorcio en el derecho argentino - 17. Concubinato - 18. Filiación legítima - 19. Filiación extramatrimonial - 20. Adopción - 21. Patria Potestad - 22. Tutela de menores aspa1 aZannoni, Eduardo A.